书目信息 |
| 题名: |
美味沙拉
|
|
| 作者: | 甘智荣 主编 | |
| 分册: | ||
| 出版信息: | 乌鲁木齐 新疆人民卫生出版社 2016 |
|
| 页数: | 192页 | |
| 开本: | 24cm | |
| 丛书名: | ||
| 单 册: | ||
| 中图分类: | TS972.121 | |
| 科图分类: | ||
| 主题词: | 沙拉--菜谱 | |
| 电子资源: | ||
| ISBN: | 978-7-5372-6604-8 | |
| 000 | 00773nam0 2200241 450 | |
| 001 | 2370 | |
| 005 | 20161205104439.39 | |
| 010 | @a978-7-5372-6604-8@dCNY35.00 | |
| 100 | @a20160728d2016 em y0chiy50 ea | |
| 101 | 0 | @achi |
| 102 | @aCN@b650000 | |
| 105 | @aa z 000yy | |
| 200 | 1 | @a美味沙拉@9mei wei sha la@dDelicious salad@zeng@f甘智荣主编 |
| 210 | @a乌鲁木齐@c新疆人民卫生出版社@d2016 | |
| 215 | @a192页@c彩图@d24cm | |
| 300 | @a美味生活 | |
| 330 | @a本书分为沙拉入门、开胃沙拉、主食沙拉、低卡沙拉、点心沙拉五个部分,带你进入沙拉的奇妙世界。 | |
| 510 | 1 | @aDelicious salad@zeng |
| 606 | 0 | @a沙拉@x菜谱 |
| 690 | @aTS972.121@v5 | |
| 701 | 0 | @a甘智荣@9gan zhi rong@4主编 |
| 801 | 0 | @aCN@b大连网信软件有限公司图书馆·11@c20161205 |
| 905 | @aZUCC@dTS972.121@e426 | |
| 美味沙拉=Delicious salad/甘智荣主编.-乌鲁木齐:新疆人民卫生出版社,2016 |
| 192页:彩图;24cm |
| 美味生活 |
| ISBN 978-7-5372-6604-8:CNY35.00 |
| 本书分为沙拉入门、开胃沙拉、主食沙拉、低卡沙拉、点心沙拉五个部分,带你进入沙拉的奇妙世界。 |
| ● |
| 相关链接 |
|
|
|
|
正题名:美味沙拉
索取号:TS972.121/426
 
预约/预借
| 序号 | 登录号 | 条形码 | 馆藏地/架位号 | 状态 | 备注 |
| 1 | 910731 | 209107312 | 第二样本阅览室/ [索取号:TS972.121/426] | 在馆 | |
| 2 | 910732 | 209107321 | 第三借阅区/ [索取号:TS972.121/426] | 在馆 | |
| 3 | 910733 | 209107330 | 第三借阅区/ [索取号:TS972.121/426] | 在馆 | |
| 4 | 910734 | 209107349 | 第三借阅区/ [索取号:TS972.121/426] | 在馆 | |
| 5 | 910735 | 209107358 | 第三借阅区/ [索取号:TS972.121/426] | 在馆 |